00454nam a2200169Ia 4500003000400000005001700004008004100021040000900062082002000071100002700091245003700118260003600155300001000191650002000201942004600221999001700267OSt20210112143845.0190216s9999||||xx |||||||||||||| ||und|| coclc a894.8123bDUM/M aDumas, Alexandre94787 0aMonte Christo /cAlxander Dumas bNbs Kottayam,c1985.aKottayam: a1005p aMalayalam Novel cBK2ddch894.8123iDUM/Mk894.8123mDUM/M c26153d26153